Top 20 des vidéos les plus vues de Youtube - Statistiques

Statistiques générales
  • Ce quiz a été pris 83 fois
  • Le résultat moyen est 6 sur 20
Statistiques - réponses
Classement Vidéos Youtubeur Vues % Correct
Numéro 2 Despacito Luis Fonsi 8,2 Mds
87%
Numéro 1 Baby Shark Dance PinkFong 13,0 Mds
79%
Numéro 5 Shape Of You Ed Sheeran 6,0 Mds
70%
Numéro 20 Waka Waka Shakira 3,6 Mds
61%
Numéro 16 Roar Katy Perry 3,8 Mds
44%
Numéro 6 See You Again Charlie Puth 5,9 Mds
42%
Numéro 9 Uptown Funk Mark Ronson 4,9 Mds
40%
Numéro 19 Sorry Justin Bieber 3,6 Mds
34%
Numéro 15 Sugar Maroon 5 3,9 Mds
27%
Numéro 14 Axel F Crazy Frog 3,9 Mds
26%
Numéro 17 Counting stars OneRepublic 3,8 Mds
26%
Numéro 11 Gangam Style Psy 4,8 Mds
21%
Numéro 13 Dame Tu Cosita El Chombo 4,4 Mds
5%
Numéro 7 Wheels On The Bus Wheels On The Bus 5,4 Mds
5%
Numéro 18 Baa Baa Black Sheep Cocomelon 3,7 Mds
3%
Numéro 4 Bath Song Cocomelon 6,3 Mds
1%
Numéro 10 Colorful Eggs On The Farm Miroshka TV 4,9 Mds
0%
Numéro 3 Johny Johny Yes Papa LooLoo Kids 6,7Mds
0%
Numéro 12 Masha and The Bear - ep 17 Get Movies 4,5 Mds
0%
Numéro 8 Phonics Song With Two Words ChuChu TV 5,4 Mds
0%
Aucun quiz correspondant
Distribution des résultats
% des personnes avec chaque résultat
Percentile par nombre de réponses
Votre historique - résultats
Vous n’avez pas pris ce quiz